Podnik či soutěžitel jako adresát práva v oblasti elektronických komunikací?

Zhodnotenie používania pojmu súťažiteľ v českom práve v oblasti hospodárskej súťaže. Definícia a používaná terminológia daného pojmu. Oblasť práva elektronických komunikácií - špecifikácia oblasti a prepojenia s právom hospodárskej súťaže. Poukázanie na nejednotnosť v používanej terminológii a s tým...

Descrizione completa

Salvato in:
Dettagli Bibliografici
Autore principale: Zorková, Eva
Natura: Capitolo di libro
Lingua:ceco
Soggetti:
Tags: Aggiungi Tag
Nessun Tag, puoi essere il primo ad aggiungerne!!

MARC

LEADER 00000naa a2200000 4500
001 0267054
005 20200713095629.3
041 0 |a cze 
044 |a CZ 
245 1 0 |a Podnik či soutěžitel jako adresát práva v oblasti elektronických komunikací?  |c Eva Zorková 
520 |a Zhodnotenie používania pojmu súťažiteľ v českom práve v oblasti hospodárskej súťaže. Definícia a používaná terminológia daného pojmu. Oblasť práva elektronických komunikácií - špecifikácia oblasti a prepojenia s právom hospodárskej súťaže. Poukázanie na nejednotnosť v používanej terminológii a s tým súvisiace praktické problémy. 
610 2 0 |a komunikácia elektronická 
610 2 0 |a súťaž hospodárska 
610 2 0 |a legislatíva 
610 2 0 |a terminológia 
610 2 0 |a telekomunikácie 
610 2 0 |a Česko 
100 1 |a Zorková, Eva